000 00598nam a2200193Ia 4500
003 IN-BaIIA
008 211028s9999 xx 000 0 eng d
020 _a0-8194-4135-X
040 _cIIA Library
080 _a535.31
_bMAH
100 _aMahajan, V. N
_922202
245 0 _aOptical imaging and aberrations
_bpart 2, wave diffraction optics
_cV. N. Mahajan
260 _aWashington, D. C.
_bThe International Society for Optical Engineering
_c2001
300 _axxi, 450p.
650 _aAbberation
_926382
650 _aGeometrical optics
_92023
650 _aImaging systems
_97247
942 _cBK
999 _c14733
_d14733